Regreso al aislacionismo /

Liga de Naciones: posturas en el Parlamento de EEUU. Coaliciones de los grupos de poder norteamericanos. Testimonios de diputados participantes. Algunos hechos contemporáneos. Apología de Wilson.

Guardado en:
Formato: Deslizar
Series:Entre dos guerras
Materias:
Etiquetas: Agregar Etiqueta
Sin Etiquetas, Sea el primero en etiquetar este registro!
LEADER 00851ngm a22002175g 4500
001 CEM.cems021634
008 130507b1992##################0###0#####d
005 20240902172449.0
245 0 0 |a Regreso al aislacionismo / 
300 |a 23 
490 0 |a Entre dos guerras 
500 |a En soporte VHS, consultar en ventanilla. 
538 |a Soporte: VHS - Norma: Pal N - Color - Grabación Drd 1992 - Hitachi=1323. 
520 |a Liga de Naciones: posturas en el Parlamento de EEUU. Coaliciones de los grupos de poder norteamericanos. Testimonios de diputados participantes. Algunos hechos contemporáneos. Apología de Wilson. 
082 9 7 |. 91/SCH-3 
653 |a HISTORIA 
653 |a EEUU 
653 |a EEUU-HISTORIA 
653 |a AISLACIONISMO 
653 |a NIVEL SECUNDARIO 
859 |a CEMS  |b BIB. CEMS - Depto. Recursos Didacticos  |h 973.91  |i SCH-3  |k DRD  |p 277.12  |t Ej.1